Fra Filippo Lippi : (Record no. 352905)
[ view plain ]
| 000 -LEADER | |
|---|---|
| fixed length control field | 00921 a2200241 4500 |
| 003 - CONTROL NUMBER IDENTIFIER | |
| control field | OSt |
| 005 - DATE AND TIME OF LATEST TRANSACTION | |
| control field | 20180116192350.0 |
| 008 - FIXED-LENGTH DATA ELEMENTS--GENERAL INFORMATION | |
| fixed length control field | 120601t xxu||||| |||| 00| 0 eng d |
| 010 ## - LIBRARY OF CONGRESS CONTROL NUMBER | |
| LC control number | 94232676 |
| 020 ## - INTERNATIONAL STANDARD BOOK NUMBER | |
| International Standard Book Number | 0714823627 (Phaidon) |
| 020 ## - INTERNATIONAL STANDARD BOOK NUMBER | |
| International Standard Book Number | 0810935686 (Abrams) |
| 040 ## - CATALOGING SOURCE | |
| Transcribing agency | 0 |
| 082 00 - DEWEY DECIMAL CLASSIFICATION NUMBER | |
| Classification number | 759.5 |
| 100 1# - MAIN ENTRY--PERSONAL NAME | |
| Personal name | Ruda, Jeffrey. |
| 9 (RLIN) | 3555 |
| 245 10 - TITLE STATEMENT | |
| Title | Fra Filippo Lippi : |
| Remainder of title | life and work with a complete catalogue / |
| Statement of responsibility, etc. | Jeffrey Ruda. |
| 260 ## - PUBLICATION, DISTRIBUTION, ETC. | |
| Place of publication, distribution, etc. | London : |
| Name of publisher, distributor, etc. | Phaidon Press ; |
| Place of publication, distribution, etc. | New York : |
| Name of publisher, distributor, etc. | Distributed in North America by H.N. Abrams, |
| Date of publication, distribution, etc. | 1993. |
| 300 ## - PHYSICAL DESCRIPTION | |
| Extent | 560 p. : |
| Other physical details | ill. (some col.) ; |
| Dimensions | 30 cm. |
| 600 10 - SUBJECT ADDED ENTRY--PERSONAL NAME | |
| Personal name | Lippi, Filippo, |
| Dates associated with a name | ca. 1406-1469 |
| General subdivision | Criticism and interpretation. |
| 9 (RLIN) | 3556 |
| 600 10 - SUBJECT ADDED ENTRY--PERSONAL NAME | |
| Personal name | Lippi, Filippo, |
| Dates associated with a name | ca. 1406-1469 |
| General subdivision | Catalogues raisonnes. |
| 9 (RLIN) | 3557 |
| 700 1# - ADDED ENTRY--PERSONAL NAME | |
| Personal name | Lippi, Filippo, |
| Dates associated with a name | ca. 1406-1469. |
| 9 (RLIN) | 3558 |
| 942 ## - ADDED ENTRY ELEMENTS (KOHA) | |
| Institution code [OBSOLETE] | SADA |
| Koha item type | Reference |
| Call number prefix | 759.5 RUD 1993 |
| Source of classification or shelving scheme | |
| Withdrawn status | Lost status | Source of classification or shelving scheme | Damaged status | Not for loan | Permanent Location | Current Location | Date acquired | Total Checkouts | Full call number | Barcode | Date last seen | Cost, replacement price | Price effective from | Koha item type |
|---|---|---|---|---|---|---|---|---|---|---|---|---|---|---|
| School of Art Design and Architecture (SADA) | School of Art Design and Architecture (SADA) | 05/20/2011 | REF 759.5 RUD 1993 | SADA0001030 | 08/05/2011 | 13662.00 | 08/05/2011 | Reference |
